000 00521nam a2200181Ia 4500
005 20250508152142.0
008 008 250505s9999 xx 000 0 eng d
037 _aTextual
040 _aFEDL
_beng
_cFEDL
041 _aeng
_2eng
084 _a371, STI
_qFEDL
100 _aStiles Lindley J Ed.
_9760892
245 0 _aTeacher's role in American society
260 _aNew York, USA
_bHarper and Brothers Publishers
_c1957
300 _axxi,298p.
942 _cTEXL
_h371, STI
999 _c1334595
_d1334595